000 00566nmm a2200169Ia 4500
008 251105s9999||||xx |||||||||||||||||und||
020 _a9788497427081
041 _aspa
100 _aGarcía Gómez-Heras, José María.
245 0 _aUn paseo por el laberinto :
_b Sobre política y religión en el diálogo entre civilizaciones
264 _a[Madrid, España] :
_bBiblioteca Nueva,
_c2007
300 _a307 páginas
490 _aEnsayo Biblioteca Nueva
650 _aCultural Studies
856 _uhttps://public.digitaliapublishing.com/a/17469
942 _cCF
999 _c90348
_d90348